000 00986nas a2200301 4500
001 BR2013007949
003 BR-BrBNA
005 20231205123033.0
007 ta
008 230509b bl.|||p| |||| 00| 00por d
040 _aBR-BrBNA
_bpor
_cBiblioteca Nacional de Agricultura
041 _a(Pt)
072 _aE14; C20
100 1 _aCartaxo, W.V.
100 1 _aBeltrão, N.E. de M.
100 1 _aVale, L.S. do
100 1 _aSilva, J.L. daC. e
245 1 _aUnidades de testes e demonstração/escola de campo: estratégia para apropriação tecnológica na agricultura familiar
650 _aASSISTÊNCIA TÉCNICA
650 _aESCOLA RURAL
650 _aAGRICULTURA FAMILIAR
650 _aINOVAÇÃO
650 _aEXTENSÃO RURAL
650 _aTECNOLOGIA DA INFORMAÇÃO
773 0 _tCadernos de Ciência e Tecnologia (Brazil)
_xISSN 0104-1096
_g(May-Aug 2011), v. 28(2) p. 625-634
_wBR2013007949
909 _a202311
_bLúcia
_c55
_dLúcia Elande
942 _2AGRIS
_n0
_cANA
999 _c231884
_d231884